| 000 | 00539nam a2200229Ia 4500 | ||
|---|---|---|---|
| 008 | 210210b2006 xxu||||| |||| 00| 0 eng d | ||
| 020 | _a81 8318 473 1 | ||
| 082 | _a658 RAMP | ||
| 100 | _aRAMASAMY (T) | ||
| 245 | _aPrinciples of management: for first year BCom | ||
| 260 |
_aMumbai _bHimalaya Publishing House _c2006 |
||
| 300 | _a182 | ||
| 650 | _ayear | ||
| 650 | _aPrinciples | ||
| 650 | _aof | ||
| 650 | _amanagement: | ||
| 650 | _afor | ||
| 650 | _afirst | ||
| 650 | _aBCom | ||
| 690 | _aManagement | ||
| 906 | _a061139 | ||
| 999 |
_c107823 _d107823 |
||